La ciencia política.
Kaydedildi:
| Yazar: | |
|---|---|
| Diğer Yazarlar: | |
| Materyal Türü: | Kitap |
| Dil: | İspanyolca |
| Baskı/Yayın Bilgisi: |
Buenos Aires, Argentina:
EUDEBA,
1964.
|
| Seri Bilgileri: | Cuadernos de EUDEBA, 103.
|
| Konular: | |
| Etiketler: |
Etiketle
Etiket eklenmemiş, İlk siz ekleyin!
|
MARC
| LEADER | 00000cam a2200000 a 4500 | ||
|---|---|---|---|
| 001 | UCR3847 | ||
| 003 | CL-VaPUC | ||
| 005 | 20220822114337.0 | ||
| 008 | 980130e19640000AG |||||||||||||||||spa|d | ||
| 999 | |c 266866 |d 266864 | ||
| 040 | |c Pontificia Universidad Católica de Valparaíso | ||
| 082 | 0 | 4 | |a 320 PRE 1964 |2 21 |
| 100 | 0 | |a Prélot, Marcel |e autor |9 403203 | |
| 245 | 1 | 3 | |a La ciencia política. |
| 260 | |a Buenos Aires, Argentina: |b EUDEBA, |c 1964. | ||
| 300 | |a 111 páginas. | ||
| 490 | 0 | |a Cuadernos de EUDEBA, 103. | |
| 500 | |a c.4 Donación Familia Prof. Alejandro Guzmán Brito. | ||
| 583 | |a last modification |c 20160624 03:44:19 |k Rodrigo Vera | ||
| 650 | 0 | |a Ciencias Políticas |9 255201 | |
| 650 | 0 | |a Política |9 255312 | |
| 650 | 7 | |a FILOSOFIA POLITICA |2 CL-VaPUC |9 403204 | |
| 650 | 7 | |a TEORIA POLITICA |2 CL-VaPUC |9 403205 | |
| 650 | 0 | |a Ideologías |9 255200 | |
| 700 | |a Simpson, Thomas Moro |e autor |9 319800 | ||
| 942 | |c BK |2 ddc |n 0 | ||
| 945 | |d 19980130 00:00:00 |a aolguin | ||
| 952 | |0 0 |1 0 |4 0 |6 320_000000000000000_PRE_1964 |7 0 |8 A |9 298883 |a BIBDER |b BIBDER |d 2019-11-20 |i 1956043 |o 320 PRE 1964 |p 1956043 |r 2023-01-25 |w 2019-11-20 |y BK |k DER | ||
| 952 | |0 0 |1 0 |3 erb |4 0 |6 320_000000000000000_PRE_1964 |7 0 |8 A |9 298884 |a FDOHBE |b FDOHBE |e Huesbe Llanos, Marco Antonio, 1934- |i 5332567 |o 320 PRE 1964 |p 5332567 |r 2024-01-30 |w 2019-11-20 |y BK |z Catalogado en:20160701 |k HBE | ||
| 952 | |0 0 |1 0 |3 erb |4 0 |6 320_000000000000000_PRE_1964 |7 0 |8 A |9 298885 |a FDOHBE |b FDOHBE |e Huesbe Llanos, Marco Antonio, 1934- |i 5332559 |o 320 PRE 1964 |p 5332559 |r 2024-01-30 |w 2019-11-20 |y BK |z Catalogado en:20160701 |k HBE | ||